| 000 | 00775cam a22002531 4500 | ||
|---|---|---|---|
| 999 |
_c7377 _d7377 |
||
| 001 | 8900178 | ||
| 003 | GBCCL | ||
| 005 | 20241126110626.0 | ||
| 008 | 761209s1961 nyua 000 0 eng | ||
| 010 | _a 61008166 | ||
| 035 | _a(OCoLC)2610539 | ||
| 040 |
_aDLC _cO _dOCoLC _dDLC |
||
| 050 | 0 | 0 |
_aQH105.M4 _bH3 |
| 082 |
_a574.97449 _bHAY |
||
| 100 | 1 |
_aHay, John, _d1915- _913045 |
|
| 245 | 1 | 0 |
_aNature's year; _bthe seasons of Cape Cod. _cIllustrated by David Grose. |
| 250 | _a[1st ed.] | ||
| 260 |
_aGarden City, N.Y., _bDoubleday, _c1961. |
||
| 300 |
_a199 p. _billus. _c22 cm. |
||
| 650 | 0 |
_aNatural history _zMassachusetts _zCape Cod. _913046 |
|
| 650 | 0 |
_aNatural history _vOutdoor books. _913047 |
|
| 906 |
_a7 _bcbc _coclcrpl _du _encip _f19 _gy-gencatlg |
||
| 942 |
_2ddc _cBK |
||